Statistics for Modern-Day Countries that were under Chola influence

Click here to take the quiz!

General Stats

  • This quiz has been taken 162 times
  • The average score is 9 of 9

Answers on the Map

Answers color-coded by a green-red scale on the quiz's map according to % correct below.
 

Answer Stats

Countries% Correct
Sri Lanka
100%
India
99%
Indonesia
99%
Malaysia
99%
Singapore
99%
Bangladesh
98%
Maldives
98%
Myanmar
97%
Thailand
96%

Score Distribution

Percentile by Number Answered

Percent of People with Each Score

Your Score History

You have not taken this quiz